LEADER 01167nam a2200265 i 4500 001 000000156346 003 CaOOAMICUS 005 20061204000000.0 008 061204s1964 it u000 u ita u 013 $a133701 040 $aSeMil$bita 245 10$aGiovanni Segantini /$c[Luciano Budigna]. 246 04$iTitolo in copertina:$aSegantini 260 $aMilano :$bFabbri,$ccopyr. 1964. 300 $a[6] p., 17. p. di tav. :$bill. ;$c36 cm. 490 0 $aI maestri del colore : la pił grande collana d'arte del mondo ;$v62 500 $aFormulazione di responsabilitą ricavata dal testo. 600 14$aSegantini, Giovanni <1858-1899>.$0(OLS)http://semarc/subject/30575 700 1 $aBudigna, Luciano.$0(OLS)http://semarc/name/61094 830 2$aI maestri del colore : la pił grande collana d'arte del mondo ;$v62.$0(OLS)http://semarc/title/2091 850 $aSeMil 852 $aSeMil$W1$xVenegono$y1$m5G XII 7/62$j108118$B108118$CSeMilBibl$Z2$F117722 $81 996 $6245$aGiovanni Segantini$9(OLS)http://semarc/title/229129 996 $6246$aSegantini$9(OLS)http://semarc/title/229130 996 $6260$aMilano :$bFabbri$9(OLS)http://semarc/publisher/30054 LEADER 00982nam a2200229 i 4500 001 000000053308 003 CaOOAMICUS 005 20121010000000.0 008 121010s1918 xx u000 u lat u 013 $a24480 040 $aSeMil$bita 100 1 $aSacchetti, Costantino.$0(OLS)http://semarc/name/26327 245 10$a[Institutionum Canonicarum :$bLectiones in Seminario Mediolanensi Traditae /$cCostantino Sacchetti]. 260 $aMediolani :$bTip. Artigianelli,$c1918. 300 $a118 p. ;$c25 cm. 500 $aManca il front. 650 4$aDispense scolastiche.$0(OLS)http://semarc/subject/526 650 4$aDiritto canonico.$0(OLS)http://semarc/subject/207 850 $aSeMil 852 $aSeMil$W1$xVenegono$y1$m2H III 30$j19462$B19462$CSeMilBibl$Z2$F19464 $81 996 $6245$a[Institutionum Canonicarum :$bLectiones in Seminario Mediolanensi Traditae$9(OLS)http://semarc/title/82106 996 $6260$aMediolani :$bTip. Artigianelli$9(OLS)http://semarc/publisher/41552